000 00952nas a2200289 4500
001 BR8704898
003 BR-BrBNA
005 20231205090729.0
007 ta
008 230509b bl.|||p| |||| 00| 00por d
040 _aBR-BrBNA
_bpor
_cBiblioteca Nacional de Agricultura
041 _a(Pt)
072 _aL02
100 1 _aSouza Neto, J. de
100 1 _aGutierrez, N.
100 1 _aCosta, O. de M.E. da
100 1 _aBarros, N.N.
245 1 _aEfeitos da substituicao parcial do farelo de algodao para ovinos em confinamento: analise economica
246 1 _aEffects of partial replacement of cotton seed meal for sheep in confinement an economic analysis
650 _aOVINO
650 _aFARELO
650 _aALGODAO
650 _aCONFINAMENTO
773 0 _tPesquisa Agropecuaria Brasileira (Brazil)
_xISSN 0100-204X
_g(May 1986), v. 21(5) p. 461-466
_wBR8704898
909 _a202311
_bLúcia
_c55
_dLúcia Elande
942 _2AGRIS
_n0
_cANA
999 _c120505
_d120505